Un viaje al País del Matrimonio (Record no. 26443)

MARC details
000 -LEADER
campo de control de longitud fija 00794nam a2200217 i 4500
001 - NÚMERO DE CONTROL
campo de control 26443
003 - IDENTIFICADOR DE NÚMERO DE CONTROL
campo de control ES-MaACL
005 - FECHA Y HORA DE LA ÚLTIMA TRANSACCIÓN
campo de control 20230906153438.0
007 - CAMPO FIJO DE DESCRIPCIÓN FÍSICA--INFORMACIÓN GENERAL
campo de control de longitud fija t|
008 - DATOS DE LONGITUD FIJA--INFORMACIÓN GENERAL
campo de control de longitud fija 030109s1943 sp a |||| | spa d
080 ## - NÚMERO DE LA CLASIFICACIÓN DECIMAL UNIVERSAL
Número de la Clasificación Decimal Universal 173.1(04)
100 1# - ENTRADA PRINCIPAL--NOMBRE DE PERSONA
Nombre de persona Capmany, Ramón.
9 (RLIN) 158378
245 13 - MENCIÓN DEL TÍTULO
Título Un viaje al País del Matrimonio
Resto del título : escuela de las solteras y de las casadas /
Mención de responsabilidad, etc. Román d' Artois [seud.] ; edición revisada y ampliada por Julia de Abuin.
260 ## - PUBLICACIÓN, DISTRIBUCIÓN, ETC.
Lugar de publicación, distribución, etc. Barcelona :
Nombre del editor, distribuidor, etc. Molino,
Fecha de publicación, distribución, etc. 1943 (
Fabricante Ponsa)
300 ## - DESCRIPCIÓN FÍSICA
Extensión 119 p. :
Otras características físicas il. ;
Dimensiones 20 cm.
593 ## -
-- En catálogo de Biblioteca Nacional de España: Román d'Artois, seudónimo de Ramón Capmany.
599 ## - NOTA A LAS ILUSTRACIONES
NOTA A LAS ILUSTRACIONES Las il. son grab. en azul.
700 1# - ENTRADA AGREGADA--NOMBRE PERSONAL
Nombre de persona Abuín Salcedo, Julia de,
9 (RLIN) 18190
852 ## - LOCALIZACIÓN
Ubicación ES-MaACL
Número de control de estantería C-9697
Holdings
Estatus retirado Estado de pérdida Estado de daño No para préstamo Biblioteca de origen Biblioteca actual Ubicación en estantería Fecha de adquisición Fuente de adquisición Total de préstamos Signatura topográfica completa Código de barras Visto por última vez Precio de reemplazo Tipo de ítem Koha
        Biblioteca del Ateneo de Madrid Biblioteca del Ateneo de Madrid Sala Palomar 17/01/2008     C-9697 1027292 23/02/2023 23/02/2023 Libro impreso